Aė̳s Afirmativas

Detalles Bibliográficos
Autor principal: Monteiro de Brito Filho, Jos ̌Claudio
Formato: Libro
Lenguaje:portugués
Publicado: Brasil LTR 2016
Materias:
Acceso en línea:Acceso restringido

MARC

LEADER 00000nam a22000007a 4500
005 20160613115222.0
007 cr|||| ||u|
008 160613s2016 bl ||||| |||| 00||0 por d
020 |a 978-85-361-8745-7 
035 |a 14310 
040 |a vLex  
090 |c 6184  |d 6184 
100 1 |a Monteiro de Brito Filho, Jos ̌Claudio 
245 1 0 |a Aė̳s Afirmativas  |h [Recurso electrn̤ico] /  |c Jos ̌Claudio Monteiro de Brito Filho 
256 |a Servicio en ln̕ea  
260 |a Brasil  |b LTR  |c 2016 
300 |a 1 recurso electrn̤ico (4® ediȯ̂ 136 pg̀s) 
506 1 |a Contenido solo disponible en los productos indicados  |d vLex Global  |d vLex Global (Academic Edition, excluding Law Schools)  |d vLex Global (U.S. Academic Edition, Law Schools)  |d vLex Global (U.S. Academic Edition, excluding Law Schools)  |d vLex Global (Academic Edition, Law Schools) 
650 0 4 |a Derecho  |z Brasil 
740 0 |a vLex libros (servicio en ln̕ea)  
856 4 0 |u http://vlex.com/source/a-es-afirmativas-14310  |z Acceso restringido 
942 |c BOOK 
999 0 |a Law  |b Brasil